000 00378nam a2200157Ia 4500
008 230917s9999||||xx |||||||||||||| ||und||
040 _e192212
_aMAIN
041 _aEnglish
082 _a658.4 F889O(2)
100 _aFrench, Ray
245 0 _aOrganizational behaviour
250 _a2nd ed.
260 _aChichester
_bJohn Wiley
_c2011
300 _axx, 689 p.
942 _cBK
999 _c158655
_d158655